000
00213nam a22000857a 4500
008
230808b |||||||| |||| 00| 0 eng d
020
_a
9781421530611
100
_a
Kusaka Hidenori
_9
7698
245
_a
Pokemon Adventures-8
999
_c
12384
_d
12384